000 00318nam a2200121Ia 4500
005 20251222144748.0
008 251222s9999||||xx |||||||||||||| ||spa||
082 _a657.458/E93
100 _aEstrella Córdenas, Hober
245 0 _aOrganización de Papeles Trabajo:
264 _bEdiciones San Francisco
942 _cLIB
999 _c19232
_d19232